000 01228cam a2200313 a 4500
999 _c529458
_d529458
001 935518
003 NUST
005 20190926122205.0
008 831121s1983 dcua b f000 0 eng
010 _a 83051325
020 _a0309035627 (pbk.) :
_c$8.00
038 _aMSOHAIL
040 _aDLC
_cDLC
_dDLC
043 _an-us---
050 0 0 _aTG23
_b.C43 1983
082 0 0 _a624.280973
_219
100 1 _aChamberlin, William P.
_921564
245 1 0 _aHistoric bridges--criteria for decision making /
_cWilliam P. Chamberlin ; topic panel, Kenneth C. Anderson ... [et al.].
260 _aWashington, D.C. :
_bTransportation Research Board, National Research Council,
_c[1983]
300 _a77 p. :
_bill. ;
_c28 cm.
490 1 _aSynthesis of highway practice / National Cooperative Highway Research Program,
_x0547-5570 ;
_v101
500 _a"October 1983."
504 _aIncludes bibliographical references.
650 0 _aHistoric bridges
_xConservation and restoration
_zUnited States.
_921565
710 2 _aNational Research Council (U.S.).
_bTransportation Research Board.
_919676
830 0 _aSynthesis of highway practice ;
_v101.
_921566
906 _a7
_bcbc
_corignew
_d3
_eocip
_f19
_gy-gencatlg
942 _2ddc
_cBK